| 000 | 01371cam a2200373 i 4500 | ||
|---|---|---|---|
| 999 |
_c428 _d428 |
||
| 001 | 18710187 | ||
| 003 | GZU | ||
| 005 | 20200826110900.0 | ||
| 008 | 150722m20169999nyu b 001 0 eng | ||
| 010 | _a 2015027373 | ||
| 020 | _a9781107124721 (hardback) | ||
| 020 | _a9781107561885 (paperback) | ||
| 040 |
_aDLC _beng _cDLC _erda _dDLC |
||
| 042 | _apcc | ||
| 050 | 0 | 0 |
_aBT810.3 _b.CHR 2016 |
| 082 | 0 | 0 |
_a261.7 _223 |
| 245 | 0 | 0 |
_aChristianity and freedom / _cedited by Allen D. Hertzke, Timothy Samuel Shah. |
| 264 | 1 |
_aNew York, NY : _bCambridge University Press, _c2016- |
|
| 300 |
_avolumes ; _c24 cm. |
||
| 336 |
_atext _btxt _2rdacontent |
||
| 337 |
_aunmediated _bn _2rdamedia |
||
| 338 |
_avolume _bnc _2rdacarrier |
||
| 490 | 0 | _aLaw and Christianity | |
| 500 | _aIncludes bibliographical references and index. | ||
| 504 | _aIncludes bibliographical references and index. | ||
| 505 | 1 | _av. 1. Historical perspectives -- v. 2. Contemporary perspectives. | |
| 588 | _aDescription based on: v. 2, published in 2016. | ||
| 650 | 0 |
_aLiberty _xReligious aspects _xChristianity. |
|
| 700 | 1 |
_aHertzke, Allen D., _d1950- _eeditor. |
|
| 700 | 1 |
_aShah, Timothy Samuel, _eeditor. |
|
| 856 | 4 | 2 |
_3Cover image _uhttp://assets.cambridge.org/97811071/24721/cover/9781107124721.jpg |
| 906 |
_a7 _bcbc _corignew _d1 _eecip _f20 _gy-gencatlg |
||
| 942 |
_2lcc _cBK _h810.3 _iCHR _kBT |
||